Amnesia : the James Brighton enigma /

Đã lưu trong:
Chi tiết về thư mục
Tác giả chính: Xirogiannis, Peter (Nhà soạn nhạc)
Tác giả khác: Langlois, Denis (regista) (Giám đốc), Dukic, Dusan (attore) (Diễn viên), Lemieux, Karyne (Diễn viên), Helms, Norman (Diễn viên), Turpin, Steven (Diễn viên), Laprade, Louise (Diễn viên), Cabana, Eric (Diễn viên)
Định dạng: Slide
Ngôn ngữ:Tiếng Pháp
Tiếng Anh
Được phát hành: [Gran Bretagna] : TLA Releasing, 2008
Các nhãn: Thêm thẻ
Không có thẻ, Là người đầu tiên thẻ bản ghi này!

MARC

LEADER 00000ngm a22000007i 4500
001 IT\ICCU\UBO\4188240
003 ItRI
005 20260124182817.0
008 160623s2008 xxk|||||||||||||||k|||||c
028 4 2 |a TLAUK050 
040 |b ita 
041 7 |a fre  |a eng  |2 ISO-639-2 
130 0 |a Amnesia : the James Brighton enigma <film ; 2006>  |3 IT\ICCU\UBO\4188248 
245 0 0 |a Amnesia :  |b the James Brighton enigma /  |c edited, written and directed by Denis Langlois ; original score Peter Xirogiannis. 
260 |a [Gran Bretagna] :  |b TLA Releasing,  |c 2008 
300 |a 1 DVD-Video (circa 90 min) :  |b color., sonoro : 12 cm 
500 |a Titolo del contenitore 
500 |a Film del 2006, produzione: Canada 
500 |a Lingue: francese, inglese; sottotitoli: inglese. - Interpreti: Dusan Dukic, Karyne Lemieux, Norman Helms, Steven Turpin, Louise Laprade, Eric Cabana 
500 |a Caratteristiche tecniche: codice area 2; PAL; formato video 1.78:1; DVD 5; audio Dolby Digital 5.1 
500 |a Contenuti speciali: stills gallery, original trailer 
500 |a Vietato ai minori di 15 anni. 
700 1 |a Langlois, Denis  |c  (regista)  |0 IT\ICCU\UBOV\429997  |4 drt 
700 1 |a Xirogiannis, Peter  |0 IT\ICCU\UBOV\429999  |4 cmp 
700 1 |a Dukic, Dusan  |c  (attore)  |0 IT\ICCU\UBOV\430000  |4 act 
700 1 |a Lemieux, Karyne  |0 IT\ICCU\UBOV\430002  |4 act 
700 1 |a Helms, Norman  |0 IT\ICCU\UBOV\430003  |4 act 
700 1 |a Turpin, Steven  |0 IT\ICCU\UBOV\430004  |4 act 
700 1 |a Laprade, Louise  |0 IT\ICCU\UBOV\430005  |4 act 
700 1 |a Cabana, Eric  |0 IT\ICCU\UBOV\430008  |4 act 
942 |2 ddc  |c VM  |n 0 
952 |0 0  |1 0  |4 0  |6 VO_2191_000000000000000  |7 0  |9 26687  |a BO  |b BO  |d 2026-01-24  |i 18109  |l 0  |o VO 2191  |p BO18109  |r 2026-01-24 18:28:17  |w 2026-01-24  |x [Sebina 5] [1 dvd]  |y VM  |z 1 dvd 
999 |c 22574  |d 22574